=LDR 00000nam 2200000 4500 =001 INLIS000000000035779 =005 20130612141618 =008 ***********************************Ind** =035 ##$$0010-061300000035779 =041 ##$$a Ind =082 ##$$a 650.1 =090 ##$$a 650.1, Kah k =100 ##$$a Kahm;Alih Bahasa,Adiwarman =245 ##$$a Kaya Raya dengan Ude bukan dengan Modal, H.S.Kahm =260 ##$$a 1996 $b Jakarta =300 ##$$a 419 hlm, 21 cm =850 ##$$a NBPNMAT